000 00786cam a22002297i 4500
999 _c57419
_d57419
001 18819243
005 20221105201012.0
008 151015s2019 ii 001 0 eng d
020 _a9789352706860 1
041 _aeng
080 _a617.7(09) K-42
100 1 _aKhurana, A. K.,
_98511
245 1 0 _aReview of ophthalmology :
_bquick text review & MCQ's /
_cA.K. Khurana, Rohtak, Haryana, Bhawna Khurana,
250 _aSeventh edition.
264 1 _aPhiladelphia :
_bJaypee, The Health Sciences Publisher,
_c2019.
300 _a216 pages ;
_c26 cm.
653 _aმედიცინა
653 _aოფთალმოლოგია
700 1 _aKhurana, Aruj K.,
_eავტორი
_98519
700 1 _aKhurana, Bhawna,
_eავტორი
_98520
942 _2udc
_cBK